00257nam a22001097a 4500008004100000020001800041041000800059080000800067100000700075101000800082245005700090181106b xxu||||| |||| 00| 0 eng d a9780965069687 aeng a941 a16 aHis aThe Best American Short Stories CenturycJohn.U